00299nam a2200121 a 45000010005000000030003000050050017000080080041000250500019000660820019000851000019001042450054001234140MO20250510130315.0090218s19uu xx 00 eng d aFicbRo79 2005 aFicbRo79 2005 aRowling, J. K. aHarry Potter, Bk. 6 :band the half-blood prince.